000 00613nam a2200229Ia 4500
003 OSt
005 20221007072328.0
006 a|||||r|||| 00| 0
007 ta
008 221006b |||||||| |||| 00| 0 eng d
024 _a13,101
037 _cTextual
040 _aFLL
_cFLL
_beng
041 _2eng
_aeng
082 _aV654:2:9Z, K7
100 _aKeeton George W. Ed.
_9492114
245 0 _aBritish commonwealth
260 _aLondon
_bStevens & Sons London
_c1967
300 _axii,491p
_ccm.
942 _hV654:2:9Z, K7
_cTEXL
_2CC
999 _c1145766
_d1145766